000 02438nam a22003257a 4500
003 URS
005 20240606211119.0
008 240429b |||||||| |||| 00| 0 eng d
050 _aBT-HRM
_bB887 2008
245 1 0 _aUtilization of sweet potato (ipomea batatas) in making ice cream /
_cMartha Divina C. Butron [and four others].
260 1 _c[2008]
300 _axii, 62 leaves :
_billustrations ;
_c28 cm
336 _2rdacontent
_atext
337 _2rdamedia
_aunmediated
338 _2rdacarrier
_avolume
500 _aUndergraduate thesis (Hotel and Restaurant Management) - University of Rizal System, Cainta 2008
504 _aIncludes bibliographical references.
520 _a"The study is mainly concerned on utilization of sweet potato {Ipomea batatas) in making ice cream. Specifically, it aims to know how do the researchers develop the product; the profile of the respondents in terms of age, sex and socio-economic status; the level of acceptability in utilizing sweet potato in potato in making ice cream as evaluated by the respondents in terms of aroma, taste, texture, and appearance; the significant difference on the acceptability in utilizing sweet potato in making ice cream as evaluated by the respondents in terms of sex and civil status with respect to of aroma, taste, texture, and appearance; and the comments and suggestions for the improvements of the product. The study is focused on determining the acceptability of utilizing sweet potato {Ipomea batatas) in making ice cream with the respect to aroma, taste texture and appearance, during the school year 2007-2008." -- Abstract
524 _aButron, M. D. C. [and four others]. (2008). Utilization of sweet potato (ipomea batatas) in making ice cream. University of Rizal System.
546 _aIn English text.
650 0 _aHotel and Restaurant Management
_vThesis, Academic.
700 1 _aButron, Martha Divina C.,
_eresearcher.
700 1 _aLasam, Alexandrea B.,
_eresearcher.
700 1 _aLlantino, Jeniffer P.,
_eresearcher.
700 1 _aMendeja, Mary Jane N.,
_eresearcher.
700 1 _aTaala, Tonie Felina,
_eresearcher.
856 _3Online Request for Student Unpublished Works
_uhttps://docs.google.com/forms/d/e/1FAIpQLSdtj_eCncT3hgTIbOB8g-3uMYPTK14UGxs8cj-GqWFJPmnTLA/viewform
856 _3Click here to access online
_uhttps://drive.google.com/file/d/1kEr-u_dPAScoJISC3NwLvyYMsX0kkVwC/view?usp=drive_link
942 _2lcc
_cT
999 _c80374
_d80373